Normal view
MARC view
Entry Personal Name
001 - CONTROL NUMBER
- control field: 13456
003 - CONTROL NUMBER IDENTIFIER
- control field: ARRUPE
005 - DATE AND TIME OF LATEST TRANSACTION
- control field: 20141216135235.0
008 - FIXED-LENGTH DATA ELEMENTS
- fixed length control field: 141216|| aca||aabn | a|a d
040 ## - CATALOGING SOURCE
- Original cataloging agency: ARRUPE
- Transcribing agency: ARRUPE
100 ## - HEADING--PERSONAL NAME
- Personal name: McCarthy, Michael H.,
- Dates associated with a name: 1942-
670 ## - SOURCE DATA FOUND
- Source citation: Work cat.: (ARRUPE)0: McCarthy, Michael H., 1942-, The crisis of philosophy /, c1990.